La edad de la piedra

Uloženo v:
Podrobná bibliografie
Hlavní autor: Sonneville-Bordes, Denise de (Autor)
Médium: Kniha
Jazyk:španělština
Vydáno: Buenos Aires EUDEBA 1973
Vydání:3a. ed
Edice:Biblioteca Cultural. Colección Cuadernos, 115
Témata:
Tagy: Přidat tag
Žádné tagy, Buďte první, kdo vytvoří štítek k tomuto záznamu!

MARC

LEADER 00000nam a2200000 a 4500
001 UCP4275
003 CL-VaPUC
008 990724e19730000AG |||||||||||||||||spa|d
082 0 4 |a 930.12  |b SON  |2 21 
100 0 |a Sonneville-Bordes, Denise de  |e author  |9 431727 
245 1 3 |a La edad de la piedra 
250 |a 3a. ed 
300 |a 119 p 
942 |c BK 
945 |d 19990724 00:00:00  |a lriquelm 
260 |a Buenos Aires  |b EUDEBA  |c 1973 
650 7 |a EDAD DE PIEDRA  |2 CL-VaPUC  |9 351856 
650 0 |a Prehistoria  |9 316557 
650 7 |a HOMBRE PREHISTORICO  |2 CL-VaPUC  |9 267914 
650 7 |a PALEOLITICO  |2 CL-VaPUC  |9 431728 
651 0 |a Europa  |9 255156 
583 |a last modification  |c 19990724 00:00:00  |k Rodrigo Vera 
490 0 |a Biblioteca Cultural. Colección Cuadernos, 115 
999 |c 282278  |d 282276 
952 |0 0  |1 0  |4 0  |6 930_120000000000000_SON_1973  |7 0  |8 A  |9 323899  |a BIBHIS  |b BIBHIS  |d 2019-11-20  |i 1366122  |o 930.12 SON 1973  |p 1366122  |r 2023-01-25  |w 2019-11-20  |y BK  |k HIS 
952 |0 0  |1 0  |4 0  |6 930_120000000000000_SON_1973  |7 0  |8 A  |9 323900  |a BIBHIS  |b BIBHIS  |d 2019-11-20  |i 1366130  |o 930.12 SON 1973  |p 1366130  |r 2023-01-25  |w 2019-11-20  |y BK  |k HIS 
952 |0 0  |1 0  |4 0  |6 930_120000000000000_SON_1973  |7 0  |8 A  |9 323901  |a BIBHIS  |b BIBHIS  |d 2019-11-20  |i 1366149  |o 930.12 SON 1973  |p 1366149  |r 2023-01-25  |w 2019-11-20  |y BK  |k HIS 
952 |0 0  |1 0  |4 0  |6 930_120000000000000_SON_1973  |7 0  |8 A  |9 323902  |a BIBHIS  |b BIBHIS  |d 2019-11-20  |i 1366157  |o 930.12 SON 1973  |p 1366157  |r 2023-01-25  |w 2019-11-20  |y BK  |k HIS